Laboratórna diagnostika mastitíd oviec

Podrobná bibliografia
Hlavný autor: Jaššo, Jozef (Autor)
Médium: Článok
Jazyk:slovenčina
Fyzický popis:Tb. 4. Lit. 16. zázn.
Predmet:

MARC

LEADER 00000nab a2200000 a 4500
001 vtls000173598
003 SK-MaSNL
005 20260303200322.0
008 220422c1983 xo 0 slo
015 |a SNBRB19rr/mm-uuuuu 
035 |a CL0183710 
040 |a SNKBUCL  |b slo  |c SNKBUCL  |e AACR2 
041 0 |a slo 
044 |a xo  |c SK 
080 |a 636.32/.38.055  |2 1981 
080 |a 619  |2 1981 
080 |a 618.19-002  |2 1981 
080 |a 616-071  |2 1981 
100 1 |a Jaššo, Jozef  |4 aut  |9 1230251 
245 1 0 |a Laboratórna diagnostika mastitíd oviec  |c Jozef Jaššo 
300 |b Tb. 4. Lit. 16. zázn. 
650 0 7 |a ovce  |2 SNKPH  |9 14971 
650 0 7 |a mastitída (veterinárna medicína)  |2 SNKPH  |9 224559 
655 7 |a články z novín a časopisov  |2 SNK  |9 267496 
773 0 |t Spravodaj Vedecko-výrobného združenia pre chov oviec v SSR  |g Roč. 5, č. 4 (1983), s. 13-24 
850 |a Slovenská národná knižnica v Martine  |a MTA001 
852 |a SNK  |b KIS3GCP 
958 |a NB 
958 |a RK 
958 |a ME 
992 |a RBX 
999 |c 2167615  |d 2169545